000 00935nam a2200289Ia 4500
001 Z_4369
003 CHAP
008 220113s1996 xx 000 0 und d
010 _a167439
040 _cCHAP
090 _aTesis L 1121
100 _aLara Bueno, Alejandro
_964829
245 _aNutrición preparto y condición corporal al parto sobre el comportamiento postparto en vacas productoras de carne y sus crías /
_cpor Alejandro Lara Bueno
260 _aChapingo, Méx. :
_bEl autor,
_c1996
300 _a191 h.
502 _aTesis (Maestro en Ciencias Especialista en Producción Animal) -- UACH. Departamento de Zootecnia
650 _aGanado de carne
_945067
650 _aGanado vacuno
_xNutrición
_945498
650 _aGanado vacuno
_xPeso
_945504
650 _aGanado vacuno
_xReproducción
_945510
901 _aTESIS L 1121
902 _aM
910 _a1996
942 _c2
942 _c2
999 _c167439
_d167439